000 00457nam a2200181Ia 4500
001 1614
005 20260306143741.0
008 260306t2011||||xx |||||||||||||| ||spa||
041 _aESP
082 _a153.4
_bG25
100 _aGardner, Howard
_eAUT
245 0 _aLa nueva ciencia de la mente:
_bhistoria de la revolución cognitiva
260 _c2011
300 _a449 pƔginas :
_c23 cm.
650 _aGEN
654 _aCPS
942 _cLIB
_dJUS
_fJUS
_2ddc
_n
999 _c1614
_d1614